Armes à feu #1 - Statistiques

Statistiques générales
  • Ce quiz a été pris 1 735 fois
  • Le résultat moyen est 7 sur 12
Statistiques - réponses
Par images Réponse % Correct
Ak-47
99%
FAMAS
94%
M-16
81%
FN SCAR
80%
M-4
74%
Steyr AUG
73%
AK-74
57%
FN FAL
48%
Galil
39%
HK G3
25%
QBZ-95
9%
SA80
8%
Aucun quiz correspondant
Distribution des résultats
% des personnes avec chaque résultat
Percentile par nombre de réponses
Votre historique - résultats
Vous n’avez pas pris ce quiz